ARRUPE JESUIT UNIVERSITY

CORONAVIRUS -STOP THE SPREAD - CLEAN,DISINFECT,COVER
Normal view MARC view

Entry Personal Name

Number of records used in: 1

001 - CONTROL NUMBER

  • control field: 36074

003 - CONTROL NUMBER IDENTIFIER

  • control field: ARRUPE

005 - DATE AND TIME OF LATEST TRANSACTION

  • control field: 20170921122108.0

008 - FIXED-LENGTH DATA ELEMENTS

  • fixed length control field: 170921|| aca||aabn | a|a d

040 ## - CATALOGING SOURCE

  • Original cataloging agency: ARRUPE
  • Transcribing agency: ARRUPE

100 ## - HEADING--PERSONAL NAME

  • Personal name: Gare, Arran,
  • Dates associated with a name: 1948-

670 ## - SOURCE DATA FOUND

  • Source citation: Work cat.: (ARRUPE)13600: Gare, Arran, 1948-, Postmodernism and the environmental crisis /, 1995.

 

Arrupe Library. PO Box MP320 Mt Pleasant, Harare, Zimbabwe
263 242 745411|librarian@aju.ac.zw